| 000 | 00766nam a2200241Ia 4500 | ||
|---|---|---|---|
| 003 | OSt | ||
| 005 | 20220923222335.0 | ||
| 006 | a|||||r|||| 00| 0 | ||
| 007 | ta | ||
| 008 | 220922b |||||||| |||| 00| 0 hin d | ||
| 024 | _a204,528 | ||
| 037 | _cTextual | ||
| 040 |
_aARTS _cARTS _bhin |
||
| 041 |
_2hin _ahin |
||
| 082 | _aO157,1M24,MN, 152J1 | ||
| 100 |
_aमधुसूदन, माइकेल; मधुप, अनु. _9166775 |
||
| 245 | 0 | _aमेघनाद-वध | |
| 246 | _aMeghanāda-vadha | ||
| 260 | _c1951 | ||
| 650 |
_aबंगाली साहित्य _9156264 |
||
| 942 |
_hO157,1M24,MN, 152J1 _cTEXL _2CC |
||
| 999 |
_c355276 _d355276 |
||